HUMAN ANATOMY REGIONAL AND APPLIED VOL II( CHURSIA ) (Record no. 266031)

MARC details
000 -LEADER
fixed length control field 00366pam a2200145a 44500
008 - FIXED-LENGTH DATA ELEMENTS--GENERAL INFORMATION
fixed length control field 230405s xxu||||| |||| 00| 0 eng d
041 ## - LANGUAGE CODE
Language code of text/sound track or separate title ENG
100 ## - MAIN ENTRY--PERSONAL NAME
Personal name CHURASIA B D
245 ## - TITLE STATEMENT
Title HUMAN ANATOMY REGIONAL AND APPLIED VOL II( CHURSIA )
250 ## - EDITION STATEMENT
Edition statement 3 2000
260 ## - PUBLICATION, DISTRIBUTION, ETC.
Place of publication, distribution, etc. NEW DELHI
Name of publisher, distributor, etc. CBS PUBLISHERS DELHI
Date of publication, distribution, etc.
300 ## - PHYSICAL DESCRIPTION
Extent 374
650 ## - SUBJECT ADDED ENTRY--TOPICAL TERM
Topical term or geographic name entry element PHARMACOLOGY
906 ## - LOCAL DATA ELEMENT F, LDF (RLIN)
a 592
Holdings
Withdrawn status Lost status Damaged status Not for loan Collection Home library Current library Date acquired Source of acquisition Cost, normal purchase price Total Checkouts Full call number Barcode Date last seen Price effective from Koha item type Date due Date last checked out
          College of Pharmacy, Kolhapur College of Pharmacy, Kolhapur 14/04/2023 PRAGATI BOOK PVT LTD 175.00   611.19 PCK-2167 14/04/2023 14/04/2023 Book    
          College of Pharmacy, Kolhapur College of Pharmacy, Kolhapur 11/07/2001 PRAGATI BOOK PVT LTD 175.00   611.19 PCK-1458 14/04/2023 14/04/2023 Book    
          College of Pharmacy, Kolhapur College of Pharmacy, Kolhapur 11/07/2001 PRAGATI BOOK PVT LTD 175.00 1 611.19 PCK-1457 12/02/2025 14/04/2023 Book 12/02/2025 12/02/2025
          College of Pharmacy, Kolhapur College of Pharmacy, Kolhapur 11/07/2001 PRAGATI BOOK PVT LTD 175.00   611.19 PCK-1456 14/04/2023 14/04/2023 Book    
          College of Pharmacy, Kolhapur College of Pharmacy, Kolhapur 11/07/2001 PRAGATI BOOK PVT LTD 175.00   611.19 PCK-1455 14/04/2023 14/04/2023 Book